Horticultural chain management for countries of asia and the pacific region a training package (Record no. 8724)
[ view plain ]
| 000 -LEADER | |
|---|---|
| fixed length control field | 00299nam a22001217a 4500 |
| 040 ## - CATALOGING SOURCE | |
| Transcribing agency | HS |
| 082 ## - DEWEY DECIMAL CLASSIFICATION NUMBER | |
| Classification number | 318 |
| 100 ## - MAIN ENTRY--AUTHOR NAME | |
| Personal name | FAO |
| 245 ## - TITLE STATEMENT | |
| Title | Horticultural chain management for countries of asia and the pacific region a training package |
| 260 ## - PUBLICATION, DISTRIBUTION, ETC. (IMPRINT) | |
| Place of publication | Bangkok |
| Name of publisher | FAO |
| Year of publication | 2009 |
| 300 ## - PHYSICAL DESCRIPTION | |
| Number of Pages | 214p. |
| 942 ## - ADDED ENTRY ELEMENTS (KOHA) | |
| Koha item type | សៀវភៅភាសាអង់គ្លេស |
| 952 ## - LOCATION AND ITEM INFORMATION (KOHA) | |
| Withdrawn status [LOCAL, KOHA] | 0 |
| 952 ## - LOCATION AND ITEM INFORMATION (KOHA) | |
| Withdrawn status [LOCAL, KOHA] | 0 |
| Permanent Location | Date acquired | Koha item type | Lost status | Shelving location | Barcode | Current Location | Full call number |
|---|---|---|---|---|---|---|---|
| Library Block C | 2016-08-10 | សៀវភៅភាសាអង់គ្លេស | C066 | RUA045685 | Library Block C | 318 SIR 2009 C066 | |
| Library Block C | 2016-09-19 | សៀវភៅភាសាអង់គ្លេស | C197 | RUA045665 | Library Block C | 318 SIR 2009 C197 |